00620nam a22002177a 4500003000500000005001700005008004100022010001000063011001000073035001000083040000900093100001800102245006900120260005600189300001000245490003500255650002300290650002800313650002600341830003500367CHAP20220817042750.0971013s1971 r 00010 d a54890 a55862 a60015 cCHAP00aTurner, P. D. aMicroorganisms associated with oil palm (Elaeis guineensis Jacq) aLondon :bCommonwealth Mycological Institute,c1971 a58 p. aPhytopathological papersv; 1414aElaeis guineensis.14aHongos fitopatógenos.14aPalmasxEnfermedades.0 aPhytopathological papersv; 14